[Event "COL pre olympic sf2"]
[Site "Palmira"]
[Date "2019.06.01"]
[Round "7"]
[White "Cardoso Cardoso, Jaidy Marcela"]
[Black "Navia Coy, Robinson"]
[Result "0-1"]
[WhiteElo "1821"]
[BlackElo "1552"]
[PlyCount "64"]
[EventDate "2019.05.29"]
[EventType "swiss"]
[EventRounds "10"]
[EventCountry "COL"]
[SourceTitle "CBM 190 Extra"]
[Source "ChessBase"]
[SourceDate "2019.07.15"]
[SourceVersion "1"]
[SourceVersionDate "2019.07.15"]
[SourceQuality "1"]

1. d4 Nf6 2. c4 g6 3. Nc3 Bg7 4. e4 d6 5. Nf3 a5 6. Be2 Nbd7 7. h3 0-0 8. Bg5 h6 9. Bh4 Nh5 10. Nh2 Nf4 11. Bg3 Nxe2 12. Nxe2 c5 13. Nf3 Qb6 14. Qd2 cxd4 15. Nfxd4 Nc5 16. f3 Qxb2 17. Qxb2 Nd3+ 18. Kd2 Nxb2 19. Rhc1 Na4 20. Rab1 Nc5 21. Nb5 f5 22. Ke3 fxe4 23. fxe4 h5 24. Rd1 Bh6+ 25. Kd4 Bd7 26. Nxd6 exd6 27. Bxd6 Ne6+ 28. Kc3 Rf2 29. Rxb7 Bc6 30. Re7 Ng5 31. Nd4 Nxe4+ 32. Kd3 Ba4 0-1

[Event "COL pre olympic sf2"]
[Site "Palmira"]
[Date "2019.05.30"]
[Round "3"]
[White "Cardoso Cardoso, Jaidy Marcela"]
[Black "Garcia Alarcon, Alvaro"]
[Result "0-1"]
[WhiteElo "1821"]
[BlackElo "2106"]
[PlyCount "98"]
[EventDate "2019.05.29"]
[EventType "swiss"]
[EventRounds "10"]
[EventCountry "COL"]
[SourceTitle "CBM 190 Extra"]
[Source "ChessBase"]
[SourceDate "2019.07.15"]
[SourceVersion "1"]
[SourceVersionDate "2019.07.15"]
[SourceQuality "1"]

1. d4 c5 2. d5 e5 3. c4 d6 4. Nc3 f5 5. e4 Nf6 6. Bd3 f4 7. Nf3 Be7 8. Rb1 0-0 9. a3 Bg4 10. Be2 Bxf3 11. Bxf3 Nbd7 12. b4 Rc8 13. Qb3 Rf7 14. Na4 Bf8 15. Bd2 Qc7 16. b5 Qd8 17. Qd1 g5 18. Bg4 Rg7 19. Bf5 Ra8 20. h3 Be7 21. Qe2 Nf8 22. Nb2 Kh8 23. a4 Qe8 24. a5 Ng8 25. Bg4 Bd8 26. Ra1 Nd7 27. Bxd7 Qxd7 28. Ra3 Nf6 29. Ra1 h5 30. f3 Bc7 31. Kd1 Rag8 32. Be1 Bd8 33. Kc2 Rh7 34. Qf1 Rg6 35. Nd3 Rhg7 36. a6 bxa6 37. Rxa6 Bb6 38. Bf2 Ne8 39. Ra2 Nc7 40. Rg1 Kg8 41. Kb3 g4 42. hxg4 hxg4 43. Kc2 Qe8 44. Kb3 Nxb5 45. cxb5 Qxb5+ 46. Ka3 c4 47. Nc1 Bc5+ 48. Bxc5 dxc5 49. d6 Qb4# 0-1

[Event "COL-ch (Women)"]
[Site "Bogota"]
[Date "2018.11.09"]
[Round "6"]
[White "Cardoso Cardoso, Jaidy Marcela"]
[Black "Rivera, Ingris"]
[Result "0-1"]
[WhiteElo "1798"]
[BlackElo "2188"]
[PlyCount "166"]
[EventDate "2018.11.06"]
[EventType "swiss"]
[EventRounds "9"]
[EventCountry "COL"]
[SourceTitle "CBM 187 Extra"]
[Source "ChessBase"]
[SourceDate "2018.11.04"]
[SourceVersion "1"]
[SourceVersionDate "2018.11.04"]
[SourceQuality "1"]

1. d4 Nf6 2. c4 g6 3. Nc3 Bg7 4. e4 d6 5. Nf3 0-0 6. Be2 e5 7. d5 Na6 8. Bg5 Qe8 9. Nd2 Nd7 10. a3 f6 11. Be3 f5 12. f3 Nf6 13. b4 Nh5 14. c5 Nf4 15. Bf1 dxc5 16. bxc5 Qe7 17. Nb3 Rd8 18. Qc2 fxe4 19. fxe4 Bh6 20. Bc4 Kh8 21. 0-0-0 Bg4 22. Rd2 Qg7 23. Re1 Nb8 24. g3 Nh3 25. Qd3 Nd7 26. Nd1 Rf8 27. Bxh6 Qxh6 28. Qe3 Qxe3 29. Nxe3 Bf3 30. Nd1 Nf6 31. Nc3 b6 32. Bd3 a5 33. cxb6 cxb6 34. Kb2 Kg7 35. Rc2 Rac8 36. Nd2 Bg4 37. Rf1 Nd7 38. Rcc1 Nc5 39. Bb5 Nf2 40. Kb1 Bh3 41. Rg1 Ng4 42. Nd1 Nf6 43. Nf2 Bd7 44. Bxd7 Nfxd7 45. Rgf1 b5 46. Nh3 h6 47. Nf2 a4 48. Rc3 Nb3 49. Rc2 Rxc2 50. Kxc2 Rc8+ 51. Kd1 Rc1+ 52. Ke2 Rc2 53. Rd1 Ra2 54. Nd3 Nd4+ 55. Ke3 Nc2+ 56. Ke2 Rxa3 57. Nf3 b4 58. Nfxe5 Nf6 59. d6 Nd4+ 60. Ke3 Ne6 61. Nc4 Rc3 62. Rc1 Rxc1 63. Nxc1 b3 64. h3 Nd7 65. Nd3 Kf6 66. h4 Nec5 67. Nxc5 Nxc5 68. Kd4 b2 69. Na3 Nd7 70. Kc3 Ke5 71. Kxb2 Kxe4 72. g4 Kf4 73. g5 h5 74. Nb5 Kg4 75. Nd4 Kxh4 76. Ka3 Kxg5 77. Kxa4 h4 78. Kb3 h3 79. Nf3+ Kf4 80. Nh2 g5 81. Kc3 g4 82. Kd2 g3 83. Nf1 h2 0-1

[Event "COL-ch U18 Girls"]
[Site "Cali"]
[Date "2018.04.11"]
[Round "3"]
[White "Sarmiento Mojica, Leidy Carolina"]
[Black "Cardoso Cardoso, Jaidy Marcela"]
[Result "0-1"]
[WhiteElo "1701"]
[BlackElo "1785"]
[PlyCount "50"]
[EventDate "2018.04.10"]
[EventType "tourn"]
[EventRounds "9"]
[EventCountry "COL"]
[SourceTitle "CBM 184 Extra"]
[Source "ChessBase"]
[SourceDate "2018.06.28"]
[SourceVersion "1"]
[SourceVersionDate "2018.06.28"]
[SourceQuality "1"]

1. e4 c5 2. Nf3 g6 3. c3 d5 4. e5 d4 5. cxd4 cxd4 6. Qa4+ Nc6 7. Bb5 Bd7 8. 0-0 Bg7 9. Re1 Nh6 10. Bxc6 Bxc6 11. Qxd4 Bxf3 12. Qxd8+ Rxd8 13. gxf3 Nf5 14. Kg2 Rd3 15. f4 Nh4+ 16. Kh1 Rf3 17. d4 Rxf2 18. Kg1 Rxh2 19. Re3 Rg2+ 20. Kf1 Rg4 21. Rb3 b6 22. Ra3 a5 23. Rb3 0-0 24. Rxb6 Rd8 25. Nc3 Rxd4 0-1

[Event "COL-ch U18 sf2"]
[Site "Ibague"]
[Date "2018.03.22"]
[Round "1.6"]
[White "Campos Perilla, Angie Catalina"]
[Black "Cardoso Cardoso, Jaidy Marcela"]
[Result "0-1"]
[WhiteElo "1289"]
[BlackElo "1847"]
[PlyCount "28"]
[EventDate "2018.03.22"]
[EventType "swiss"]
[EventRounds "6"]
[EventCountry "COL"]
[SourceTitle "EXT 2024"]
[Source "ChessBase"]
[SourceDate "2023.10.10"]
[SourceVersion "1"]
[SourceVersionDate "2023.10.10"]
[SourceQuality "1"]

1. e4 c5 2. Nf3 g6 3. d4 cxd4 4. Nxd4 Nf6 5. Nc3 Nc6 6. Be3 Bg7 7. Be2 0-0 8. 0-0 d5 9. f3 e5 10. Nb3 d4 11. Bd2 dxc3 12. Bxc3 Be6 13. Nc5 Qb6 14. Qd6 Rad8 0-1

[Event "COL-ch sf"]
[Site "Medellin"]
[Date "2018.03.17"]
[Round "7"]
[White "Moncada Correa, Sara"]
[Black "Cardoso Cardoso, Jaidy Marcela"]
[Result "0-1"]
[WhiteElo "1601"]
[BlackElo "1847"]
[PlyCount "40"]
[EventDate "2018.03.14"]
[EventType "swiss"]
[EventRounds "10"]
[EventCountry "COL"]
[SourceTitle "CBM 183 Extra"]
[Source "ChessBase"]
[SourceDate "2018.04.19"]
[SourceVersion "1"]
[SourceVersionDate "2018.04.19"]
[SourceQuality "1"]

1. e4 c5 2. Nf3 g6 3. d4 cxd4 4. Nxd4 Nf6 5. Nc3 Nc6 6. Be3 Bg7 7. Nxc6 bxc6 8. e5 Ng8 9. f4 Nh6 10. Qd2 0-0 11. 0-0-0 d5 12. exd6 Qxd6 13. Qxd6 exd6 14. Bd4 Bxd4 15. Rxd4 d5 16. Be2 Nf5 17. Rd2 Re8 18. b3 Rb8 19. Na4 Nd6 20. Nc5 Ne4 0-1

[Event "COL-ch sf"]
[Site "Medellin"]
[Date "2018.03.15"]
[Round "2"]
[White "Cardoso Cardoso, Jaidy Marcela"]
[Black "Torres Cueto, Jesus Marcial"]
[Result "0-1"]
[WhiteElo "1847"]
[BlackElo "2076"]
[PlyCount "88"]
[EventDate "2018.03.14"]
[EventType "swiss"]
[EventRounds "10"]
[EventCountry "COL"]
[SourceTitle "CBM 183 Extra"]
[Source "ChessBase"]
[SourceDate "2018.04.19"]
[SourceVersion "1"]
[SourceVersionDate "2018.04.19"]
[SourceQuality "1"]

1. d4 Nf6 2. c4 e6 3. Nf3 d5 4. cxd5 exd5 5. Qc2 c6 6. Bf4 Ne4 7. e3 Bb4+ 8. Nc3 Qa5 9. Rc1 Qxa2 10. Bd3 Bxc3+ 11. bxc3 Qxc2 12. Rxc2 0-0 13. 0-0 Nd7 14. Nd2 Nxd2 15. Rxd2 Nf6 16. f3 Re8 17. Re1 a5 18. Ra2 b5 19. Bd6 Bd7 20. Bc7 a4 21. Bd6 Bc8 22. Kf2 g6 23. Ra3 Bf5 24. Bxf5 gxf5 25. Kg3 Re6 26. Bc5 Rae8 27. Ra2 Kg7 28. Kf4 Kg6 29. g4 fxg4 30. Rg2 h5 31. h3 h4 32. hxg4 Ne4 33. g5 h3 34. Rge2 Nxg5 35. Kg3 h2 36. f4 Rxe3+ 37. Rxe3 Rxe3+ 38. Rxe3 h1Q 39. fxg5 Qc1 40. Kf3 a3 41. Re8 a2 42. Rg8+ Kf5 43. g6 Qxc3+ 44. Kf2 a1R 0-1

[Event "COL-ch U20 Girls"]
[Site "Buenaventura"]
[Date "2018.03.03"]
[Round "6"]
[White "Cardoso Cardoso, Jaidy Marcela"]
[Black "Salcedo, Jackeline"]
[Result "1-0"]
[WhiteElo "1835"]
[BlackElo "2056"]
[PlyCount "75"]
[EventDate "2018.02.28"]
[EventType "swiss"]
[EventRounds "6"]
[EventCountry "COL"]
[SourceTitle "EXT 2019"]
[Source "ChessBase"]
[SourceDate "2018.10.10"]
[SourceVersion "1"]
[SourceVersionDate "2018.10.10"]
[SourceQuality "1"]

1. Nf3 f5 2. d4 e6 3. Bf4 Nf6 4. h3 b6 5. e3 Bb7 6. Bd3 Nc6 7. a3 Ne7 8. Nbd2 Ng6 9. Bg3 d5 10. Ne5 Nxe5 11. Bxe5 Bd6 12. g4 Bxe5 13. dxe5 Ne4 14. gxf5 exf5 15. Rg1 g6 16. Nf3 Qe7 17. Qe2 0-0-0 18. 0-0-0 Kb8 19. Bb5 Rhg8 20. Rd4 g5 21. Ra4 c5 22. Rh1 Rdf8 23. h4 g4 24. Ng5 Nxg5 25. hxg5 Rxg5 26. Rh6 Rg6 27. Rxg6 hxg6 28. Ba6 c4 29. Bxb7 Kxb7 30. f4 Qd7 31. b3 Rh8 32. Qd2 a5 33. Rxc4 Rh1+ 34. Kb2 Qb5 35. a4 Qd7 36. Rd4 Kc6 37. Qg2 Rh3 38. c4 1-0

[Event "COL-ch U20 Girls"]
[Site "Buenaventura"]
[Date "2018.03.02"]
[Round "4"]
[White "Cardoso Cardoso, Jaidy Marcela"]
[Black "Argote Heredia, Valentina"]
[Result "0-1"]
[WhiteElo "1835"]
[BlackElo "1939"]
[PlyCount "112"]
[EventDate "2018.02.28"]
[EventType "swiss"]
[EventRounds "6"]
[EventCountry "COL"]
[SourceTitle "EXT 2019"]
[Source "ChessBase"]
[SourceDate "2018.10.10"]
[SourceVersion "1"]
[SourceVersionDate "2018.10.10"]
[SourceQuality "1"]

1. d4 Nf6 2. c4 g6 3. Nc3 d5 4. cxd5 Nxd5 5. e4 Nxc3 6. bxc3 Bg7 7. Rb1 c5 8. Nf3 0-0 9. Be3 Nc6 10. Be2 Qc7 11. 0-0 Rd8 12. Qa4 a6 13. Qc4 Na5 14. Qxc5 Qxc5 15. dxc5 Bxc3 16. Rfc1 Bg7 17. Bf4 Nc6 18. Bc7 Rd7 19. Bb6 e5 20. Bc4 Re7 21. Bd5 Bd7 22. Ng5 Be8 23. Nf3 h6 24. Rd1 Rc8 25. Rb3 Kh7 26. a3 Nd4 27. Nxd4 exd4 28. Rb4 Bc6 29. Bxc6 Rxc6 30. f3 f5 31. exf5 gxf5 32. Rb2 Re3 33. a4 f4 34. Rbd2 Kg6 35. Kf2 Kf5 36. g4+ Ke6 37. Rc1 Kd5 38. Rcc2 d3 39. Rc1 Bd4 40. Rcd1 Rce6 41. Kg2 Re2+ 42. Kh3 Rxd2 43. Rxd2 Re3 44. g5 hxg5 45. Kg4 Bc3 46. c6 bxc6 47. Bxe3 Kc4 48. Bxf4 gxf4 49. Rd1 d2 50. Kxf4 Kd3 51. h4 c5 52. Rb1 c4 53. h5 Kc2 54. Rh1 d1Q 55. Rxd1 Kxd1 56. Ke4 Bh8 0-1

[Event "COL-ch U20 Girls"]
[Site "Buenaventura"]
[Date "2018.03.01"]
[Round "3"]
[White "Cardoso Cardoso, Jaidy Marcela"]
[Black "Velasquez, Angie Gabriela"]
[Result "1/2-1/2"]
[WhiteElo "1835"]
[BlackElo "1756"]
[PlyCount "54"]
[EventDate "2018.02.28"]
[EventType "swiss"]
[EventRounds "6"]
[EventCountry "COL"]
[SourceTitle "EXT 2019"]
[Source "ChessBase"]
[SourceDate "2018.10.10"]
[SourceVersion "1"]
[SourceVersionDate "2018.10.10"]
[SourceQuality "1"]

1. d4 d5 2. c4 e6 3. Nc3 Nf6 4. cxd5 exd5 5. Bg5 Be7 6. e3 c6 7. Bd3 Be6 8. Nge2 Qd7 9. Qc2 h6 10. Bh4 Na6 11. a3 Rd8 12. Nf4 Nc7 13. Bg3 0-0 14. b4 Bd6 15. 0-0 Qe7 16. Rad1 Bc8 17. Rfe1 Ne6 18. Nxe6 Bxe6 19. Bxd6 Rxd6 20. f3 Re8 21. e4 dxe4 22. fxe4 Bg4 23. Be2 Bxe2 24. Rxe2 Re6 25. e5 Nd7 26. Ne4 f6 27. Nd6 Rf8 1/2-1/2

[Event "COL-ch U20 Girls"]
[Site "Buenaventura"]
[Date "2018.02.28"]
[Round "1"]
[White "Cardoso Cardoso, Jaidy Marcela"]
[Black "Lopez Rayo, Isabella"]
[Result "1-0"]
[WhiteElo "1835"]
[BlackElo "1446"]
[PlyCount "59"]
[EventDate "2018.02.28"]
[EventType "swiss"]
[EventRounds "6"]
[EventCountry "COL"]
[SourceTitle "EXT 2019"]
[Source "ChessBase"]
[SourceDate "2018.10.10"]
[SourceVersion "1"]
[SourceVersionDate "2018.10.10"]
[SourceQuality "1"]

1. d4 Nf6 2. c4 c5 3. d5 d6 4. Nc3 Nbd7 5. e4 g6 6. f4 Bg7 7. Nf3 0-0 8. Be2 b6 9. 0-0 Bb7 10. h3 Qc7 11. Be3 a6 12. a4 Rac8 13. Qd2 Rfd8 14. f5 Nh5 15. fxg6 fxg6 16. Ng5 Nf8 17. Bxh5 gxh5 18. Qe2 Bf6 19. Qxh5 Bxg5 20. Bxg5 Ng6 21. Bh6 Re8 22. Qf5 e6 23. dxe6 Ne5 24. Nd5 Bxd5 25. exd5 Qe7 26. Rae1 Qh4 27. Qf7+ Nxf7 28. exf7+ Kh8 29. fxe8Q+ Rxe8 30. Rxe8# 1-0

[Event "Cali Grand Prix final (Women)"]
[Site "Cali"]
[Date "2018.02.02"]
[Round "2"]
[White "Cardoso Cardoso, Jaidy Marcela"]
[Black "Viveros Torres, Erica Johana"]
[Result "1-0"]
[WhiteElo "1835"]
[BlackElo "1888"]
[PlyCount "28"]
[EventDate "2018.02.02"]
[EventType "tourn"]
[EventRounds "7"]
[EventCountry "COL"]
[SourceTitle "CBM 182 Extra"]
[Source "ChessBase"]
[SourceDate "2018.02.23"]
[SourceVersion "1"]
[SourceVersionDate "2018.02.23"]
[SourceQuality "1"]

1. d4 c5 2. d5 g6 3. e4 Bg7 4. c4 d6 5. Nc3 e6 6. Be2 exd5 7. cxd5 Nf6 8. f3 0-0 9. Bg5 Na6 10. Qd2 Bd7 11. Bb5 Rc8 12. Bxd7 Qxd7 13. Nge2 Rfe8 14. 0-0 c4 1-0

[Event "American Continental 13th"]
[Site "Medellin"]
[Date "2017.06.12"]
[Round "4"]
[White "Cardoso Cardoso, Jaidy Marcela"]
[Black "Moran Reyes, Paulo"]
[Result "0-1"]
[WhiteElo "1711"]
[BlackElo "2129"]
[PlyCount "120"]
[EventDate "2017.06.10"]
[EventType "swiss"]
[EventRounds "11"]
[EventCountry "COL"]
[SourceTitle "CBM 178 Extra"]
[Source "ChessBase"]
[SourceDate "2017.06.22"]
[SourceVersion "1"]
[SourceVersionDate "2017.06.22"]
[SourceQuality "1"]

1. d4 Nf6 2. c4 e6 3. Nf3 Bb4+ 4. Bd2 Qe7 5. a3 Bxd2+ 6. Qxd2 a5 7. Nc3 d6 8. g3 0-0 9. Bg2 e5 10. d5 Nbd7 11. 0-0 Nc5 12. Qc2 a4 13. Nd2 Bg4 14. b4 axb3 15. Nxb3 Nxb3 16. Qxb3 b6 17. Ra2 Nd7 18. a4 Nc5 19. Qc2 Ra5 20. Nb5 Rfa8 21. Rfa1 Bh5 22. Bh3 Bg6 23. Qd1 Kh8 24. Ra3 f6 25. e3 Be8 26. Bf5 g6 27. Bc2 Bxb5 28. cxb5 f5 29. Qd2 Kg7 30. Qd1 Qf6 31. Qd2 Re8 32. Qc3 e4 33. Qxf6+ Kxf6 34. Rd1 Ke5 35. Rd4 Rea8 36. Rc3 R8a7 37. Rcc4 Nd7 38. Bb3 Kf6 39. Bd1 Ne5 40. Rc3 Nd3 41. Bb3 Nc5 42. Bc2 g5 43. Rcc4 g4 44. Kg2 h5 45. Kf1 Ra8 46. Kg2 Rh8 47. Rd1 h4 48. h3 gxh3+ 49. Kxh3 hxg3+ 50. Kxg3 Raa8 51. Kg2 Rag8+ 52. Kf1 Rh1+ 53. Ke2 Rh2 54. Rcd4 Rgg2 55. Rf1 Ke5 56. Rd2 Nd7 57. Kd1 Nf6 58. Bb3 Ng4 59. Rc2 Nxf2+ 60. Kc1 Nd3+ 0-1

[Event "COL-ch sf (Women)"]
[Site "Palmira"]
[Date "2017.05.15"]
[Round "1"]
[White "Cardoso Cardoso, Jaidy Marcela"]
[Black "Franco Valencia, Angela Maria"]
[Result "0-1"]
[WhiteElo "1668"]
[BlackElo "2270"]
[PlyCount "60"]
[EventDate "2017.05.15"]
[EventType "swiss"]
[EventRounds "7"]
[EventCountry "COL"]
[SourceTitle "CBM 178 Extra"]
[Source "ChessBase"]
[SourceDate "2017.06.22"]
[SourceVersion "1"]
[SourceVersionDate "2017.06.22"]
[SourceQuality "1"]

1. d4 Nf6 2. c4 c5 3. d5 e6 4. Nc3 exd5 5. cxd5 d6 6. e4 g6 7. h3 Bg7 8. Nf3 0-0 9. Bd3 Re8 10. 0-0 b6 11. Re1 Ba6 12. Bxa6 Nxa6 13. Bf4 Nc7 14. Qa4 b5 15. Qc2 b4 16. Na4 Nb5 17. Rad1 Qa5 18. b3 Na3 19. Qd3 c4 20. bxc4 Qxa4 21. Bxd6 Nxe4 22. Rxe4 Rxe4 23. Qxe4 Qxd1+ 24. Kh2 Qc2 25. Qxc2 Nxc2 26. c5 b3 27. axb3 Nb4 28. c6 Nxd5 29. b4 Rc8 30. b5 Nc3 0-1

[Event "Cali Region-ch (Women)"]
[Site "Cali"]
[Date "2017.04.30"]
[Round "5"]
[White "Lopez Rayo, Isabella"]
[Black "Cardoso Cardoso, Jaidy Marcela"]
[Result "1/2-1/2"]
[WhiteElo "1430"]
[BlackElo "1712"]
[PlyCount "29"]
[EventDate "2017.04.28"]
[EventType "swiss"]
[EventRounds "7"]
[EventCountry "COL"]
[SourceTitle "CBM 178 Extra"]
[Source "ChessBase"]
[SourceDate "2017.06.22"]
[SourceVersion "1"]
[SourceVersionDate "2017.06.22"]
[SourceQuality "1"]

1. e4 g6 2. Nf3 Bg7 3. Nc3 c5 4. d4 cxd4 5. Nxd4 Nc6 6. Nxc6 bxc6 7. Bd2 d6 8. Bd3 Nf6 9. 0-0 0-0 10. Rb1 Ng4 11. h3 Ne5 12. Be3 Nxd3 13. Qxd3 a5 14. Rfd1 Ba6 15. Qd2 1/2-1/2